Statistics for Оскаровке на сликама

Click here to take the quiz!

General Stats

  • This quiz has been taken 20 times
  • The average score is 12 of 20

Answer Stats

Answer% Correct
Мерил Стрип
94%
Хале Бери
83%
Натали Портман
83%
Кејт Винслет
83%
Ен Хатавеј
78%
Џенифер Лоренс
72%
Ема Стоун
72%
Хилари Сванк
72%
Салма Хајек
72%
Џуди Денч
67%
Елизабет Тејлор
67%
Џулијен Мур
61%
Џејн Фонда
50%
Дајен Китон
50%
Хелен Мирен
44%
Глен Клоус
33%
Кетрин Хепберн
33%
Голди Хон
22%
Џина Дејвис
22%
Бет Мидлер
17%

Score Distribution

Percentile by Number Answered

Percent of People with Each Score

Your Score History

You have not taken this quiz